000 00558nam a2200205 4500
003 OSt
005 20240731020958.0
006 a
008 240731b |||||||| |||| 00| 0 eng d
020 _a9780071287913
040 _aDWCL-HMN lib.
_cOC
082 _aCirc. 612 F794f 2009
100 _aFox, Stuart Ira
245 _aFundamentals of human physiology /
260 _aN. Y. :
_bMcGraw-Hill,
_cc2009.
300 _axxvii,
_b449 p. : col. ill. ;
_c28 cm.
504 _aIncludes index.
650 _a1. Physiology.
942 _2ddc
_n0
_cBK-CIRC
_kCirc.
999 _c3001
_d3001